000 00384nam a22001457a 4500
005 20250616120430.0
008 250616b |||||||| |||| 00| 0 eng d
020 _a0800623266
050 _aBS480
_bJOD
100 _aJODOCK DARRELL
245 _aTHE CHURCH'S BIBLE;
_bITS CONTEMPORARY AUTHORITY
260 _aMINNEAPOLIS
_bFORTRESS PRESS
_cc1989
300 _a173p
942 _2lcc
_cBK
_n0
999 _c6515
_d6515